FBS Teams in Texas- Whammies - Statistics

General Stats
  • This quiz has been taken 33 times
  • The average score is 10 of 13
Answer Stats
Hint Answer % Correct
The Horned Frogs TCU
100%
Alma mater of fastest player at the NFL Combine in history Texas
91%
Home of the “12th Man” Texas A&M
91%
First Heisman winner was Robert Griffin III Baylor
87%
Located in Lubbock Texas Tech
78%
Located in the Mountain Time Zone UTEP
78%
The Bobcats Texas State
74%
Mean Green, Alma mater of Joe Greene North Texas
70%
Have the same name as Temple, FAU, and Kennesaw State Rice
65%
The only Texas team in the ACC SMU
65%
Won the 2020 FCS Championship before moving to the FBS Sam Houston
61%
Play in the Alamodome, bearing the name of the Texas state bird UTSA
61%
The first team to integrate African American players Houston
48%
No matching quizzes found
Score Distribution
Percent of People with Each Score
Percentile by Number Answered
Your Score History
You have not taken this quiz